| 000 | 01116nam a2200313 i 4500 | ||
|---|---|---|---|
| 005 | 20260622122235.0 | ||
| 008 | 260517t20242024my ad gr a001 0 eng d | ||
| 020 |
_a9789835220517 _cRM60.00 _qpaperback |
||
| 040 |
_aPPAK _beng _cPPAK _erda |
||
| 082 | 0 | 4 |
_223 _a519.5 |
| 090 | 0 | 0 |
_a519.5 _bSTA _dG |
| 245 | 0 | 0 |
_aSTATISTICAL MODELLING in MEDICAL and ECONOMIC DATA / _cEdited by NUR ARINA BAZILAH KAMISAN, NORASLINDA MOHAMED ISMAIL |
| 250 | _aFirst Edition 2024 | ||
| 264 | 1 |
_aJohor Bahru, Johor : _bPENERBIT UTM PRESS, _c2024 |
|
| 264 | 4 | _c©2024 | |
| 300 |
_axii, 187 pages : _billustrations, charts ; _c25 cm |
||
| 336 |
_atext _2rdacontent |
||
| 337 |
_aunmediated _2rdamedia |
||
| 338 |
_avolume _2rdacarrier |
||
| 500 | _aIncludes bibliographical references and index. | ||
| 650 | 1 | 0 | _aStatistics |
| 650 | 2 | 0 | _aMedical statistics |
| 650 | 2 | 0 |
_aEconomics _xStatistical methods |
| 650 | 2 | 0 | _aEconometrics |
| 650 | 2 | 0 |
_aGovernment publications _zMalaysia |
| 700 | 0 |
_aNur Arina Bazilah Kamisan, _eeditor. |
|
| 700 | 0 |
_aNoraslinda Mohamed Ismail, _eeditor. |
|
| 942 |
_2ddc _cB |
||
| 999 |
_c204326 _d204326 |
||